1584 1336 1683 1966 1658 1982 1678 1531 1861 1025 1155 1907 1964 1015 1577 1951 1650 1074 1210 1590 1146 1037 1178 1178 1620 1593 1087 1964 1406 1274 1511 1142 1512 1493 1257 1590 1654 1228 1195 1871 1610 1592 1963 1750 1535 1350 1248 1206 1709 1482 1783 1370 1700 1269 1004 1711 1604 1312 1858 1934 1085 1438 1776 1093 1345 1452 1648 1565 1420 1242 1976 1039 1254 1144 1414 1504 1362 1834 1587 1624 1504 1059 1898 1499 1460 1744 1694 1014 1136 1060 1237 1050 1507 1739 1812 1026 1439 1466 1711 BCNSPRNW ULIB Ver.6.0+V

เปลี่ยนเป็นภาษาไทย

Change to English
 แสดงรายละเอียดบรรณานุกรม
  กลับหน้าหลัก

Brief Record : Get Marc (ISO 2709) : E-mail record : QR code < ปิดหน้าต่าง
LEADER : 00000nam 2200000uu 4500
001    13399120950
003     ULIB
008    121029s2546||||th 000 0 tha d
020    ^a974950724X
060 04 ^aWR140^bอ252ร 2546
245 00 ^aโรคผิวหนังต้องรู้ :^bสำหรับเวชปฏิบัติทั่วไป /^cบรรณาธิการ,อภิชาติ ศิวยาธร, กนกวลัย กุลทนันทน์
250    ^aพิมพ์ครั้งที่ 3
260    ^aกรุงเทพฯ :^bหมอชาวบ้าน,^c2546
300    ^a227 หน้า :^bภาพประกอบสี ;^c27 ซม.
650  7 ^aผิวหนัง, โรค
653    ^aผลงานอาจารย์คณะแพทยศาสตร์ศิริราชพยาบาล
700 0  ^aอภิชาติ ศิวยาธร,^eบรรณาธิการ
700 0  ^aกนกวลัย กุลทนันทน์,^eบรรณาธิการ
945    ^p0^l0^i12955
995    ^aกัณชพร
999 ^a ใช้งานได้ทุกระบบ
รายการนี้ยังไม่มีแท็ก
คุณยังไม่ได้ล็อกอิน คุณสามารถมีกิจกรรมร่วมกับเว็บไซต์ได้ แต่ต้องล็อกอินก่อน ::
  ล็อกอิน

รายการสื่อสารสนเทศ

ลำดับที่ ประเภท เลขเรียก/บาร์โค้ด สถานที่ สถานะ
1. วิทยาศาสตร์การแพทย์ และสุขภาพ
วิทยาศาสตร์การแพทย์ และสุขภาพ
WR140 อ252ร 2546  
  Barcode: 12955
ห้องสมุดวิทยาเขตสวรรค์ประชารักษ์
►หนังสือทั่วไป
บนชั้น

รายการใกล้เคียง
    หัวเรื่อง [ผิวหนัง, โรค]

BibComment


ยังไม่เคยถูกคอมเมนท์

คอมเมนท์ทรัพยากรรายการนี้
  คอมเมนท์: โรคผิวหนังต้องรู..


 Copyright 2026. Bcnsprnw @Library